000 01174nam a22002897a 4500
003 PE SENCICO BE
005 20251020182646.0
008 231115b |||||||| |||| 00| 0 eng d
040 _aPE SENCICO BE
_cPE SENCICO BE
041 _aspa
084 _aI
_aDIS
_a2018
_bC13
100 1 _91795
_aUtrilla Pardo, Karla Aracely
_eautor
245 1 _aDiseño interior de una vivienda unifamiliar /
_cKarla Aracely Utrilla Pardo
260 _aLima :
_c2018
300 _a123 h. :
_bil. col. ;
_c30 cm.
500 _aTexto en dos volúmenes. El volumen 2 contiene planos (40 x 60 cm.).
502 _aMonografía de Titulación.-- Servicio Nacional de Capacitación para la Industria de la Construcción. Escuela Superior Técnica. Carrera Profesional Técnica en Diseño de Interiores, 2018
650 1 0 _944
_aDiseño de interiores
650 2 0 _91628
_aViviendas unifamiliares
650 2 0 _977
_aViviendas
650 2 0 _918
_aDiseño arquitectónico
650 2 0 _9846
_aAcabados
650 2 0 _9615
_aPlanos
710 1 _aServicio Nacional de Capacitación para la Industria de la Construcción.
_bEscuela Superior Técnica
_91065
910 _bhfp
_chfp
942 _cMON
_2ddc
999 _c4447
_d4447